Giáo trình xã hội học đô thị
Cung cấp những kiến thức về sự hình thành và phát triển của xã hội học đô thị, cách tiếp cận và các trường phái chính trong xã hội học đô thị trong quá trình đô thị hóa, việc quy hoạch và phát triển đô thị....
Bewaard in:
| Hoofdauteur: | |
|---|---|
| Formaat: | Boek |
| Taal: | Undetermined |
| Gepubliceerd in: |
Hà Nội
Đại học Quốc gia
2009
|
| Onderwerpen: | |
| Tags: |
Voeg label toe
Geen labels, Wees de eerste die dit record labelt!
|
| Thư viện lưu trữ: | Trung tâm Học liệu Trường Đại học Cần Thơ |
|---|
| LEADER | 00975nam a2200229Ia 4500 | ||
|---|---|---|---|
| 001 | CTU_156671 | ||
| 008 | 210402s9999 xx 000 0 und d | ||
| 020 | |c 26000 | ||
| 082 | |a 307.76 | ||
| 082 | |b L502 | ||
| 100 | |a Trịnh, Duy Luân | ||
| 245 | 0 | |a Giáo trình xã hội học đô thị | |
| 245 | 0 | |c Trịnh Duy Luân | |
| 260 | |a Hà Nội | ||
| 260 | |b Đại học Quốc gia | ||
| 260 | |c 2009 | ||
| 520 | |a Cung cấp những kiến thức về sự hình thành và phát triển của xã hội học đô thị, cách tiếp cận và các trường phái chính trong xã hội học đô thị trong quá trình đô thị hóa, việc quy hoạch và phát triển đô thị. | ||
| 526 | |a Xã hội học đô thị | ||
| 526 | |b XN348 | ||
| 650 | |a Sociology, Urban,Xã hội học, Thành thị | ||
| 904 | |i Năm | ||
| 980 | |a Trung tâm Học liệu Trường Đại học Cần Thơ | ||